គណិតវិទ្យា ថ្នាក់ទី ១១ / (Record no. 6680)

MARC details
000 -LEADER
fixed length control field 01752nam a22002297a 4500
001 - CONTROL NUMBER
control field 6680
003 - CONTROL NUMBER IDENTIFIER
control field FISKH
005 - DATE AND TIME OF LATEST TRANSACTION
control field 20250520135819.0
008 - FIXED-LENGTH DATA ELEMENTS--GENERAL INFORMATION
fixed length control field 250520b cb ||||| |||| 00| 0 eng d
040 ## - CATALOGING SOURCE
Original cataloging agency FISKH
Language of cataloging khr
Transcribing agency FISKH
Modifying agency FISKH
082 ## - DEWEY DECIMAL CLASSIFICATION NUMBER
Classification number 510
100 ## - MAIN ENTRY--PERSONAL NAME
Personal name Sokun, Men
245 ## - TITLE STATEMENT
Title គណិតវិទ្យា ថ្នាក់ទី ១១ /
Statement of responsibility, etc. ម៉ែន សុគន្ធ សាស្ត្រាចារ្យមហាវិទ្យាល័យគណិតវិទ្យា ( RUPP )
260 ## - PUBLICATION, DISTRIBUTION, ETC.
Place of publication, distribution, etc. ភ្នំពេញ :
Name of publisher, distributor, etc. សាកលវិទ្យាល័យភូមិន្ទភ្នំពេញ ,
Date of publication, distribution, etc. ២០០0.
300 ## - PHYSICAL DESCRIPTION
Extent 246 pages :
Other physical details color illustrations ;
Dimensions 21 cm .
520 ## - SUMMARY, ETC.
Summary, etc. សៀវភៅគណិតវិទ្យាថ្នាក់ទី ១១ គឺជាសៀវភៅសិក្សាសំខាន់មួយសម្រាប់សិស្សមធ្យមសិក្សាទុតិយភូមិ ដែលបង្ហាញពីមាតិកាគន្លងគណិតវិទ្យាចម្បងនៃថ្នាក់។ វាអនុវត្តផ្នែកគណិតវិទ្យាវិភាគ និងជំហានមូលដ្ឋានសម្រាប់រៀនថ្នាក់ទី ១២។<br/><br/>
520 ## - SUMMARY, ETC.
Summary, etc. The Grade 11 Mathematics textbook is an important learning resource for upper secondary school students. It covers the core mathematical concepts of the grade, focusing on analytical mathematics and foundational skills needed for Grade 12 studies.
650 ## - SUBJECT ADDED ENTRY--TOPICAL TERM
Topical term or geographic name entry element ស្វុីតនៃចំនួនពិត
Form subdivision គណិតវិទ្យា​
650 ## - SUBJECT ADDED ENTRY--TOPICAL TERM
Topical term or geographic name entry element Numbers
Form subdivision Mathematics
942 ## - ADDED ENTRY ELEMENTS (KOHA)
Source of classification or shelving scheme Dewey Decimal Classification
Koha item type Khmer Books
Suppress in OPAC No
Holdings
Withdrawn status Lost status Source of classification or shelving scheme Damaged status Not for loan Collection Home library Current library Shelving location Date acquired Total Checkouts Full call number Barcode Date last seen Price effective from Koha item type
    Dewey Decimal Classification     Khmer Language Books / សៀវភៅភាសាខ្មែរ Footprints International School Library Network Toul Tom Poung Campus Footprints International School Library Network Toul Tom Poung Campus TTP Secondary Khmer Bookshelves 05/20/2025   SOK 510 2025-1340 05/20/2025 05/20/2025 Khmer Books